000 00423nam a22001577a 4500
003 LK-CoDNM
005 20240816101836.0
008 240816b |||||||| |||| 00| 0 eng d
040 _aLK-CoDNM
_dLK-CoDNM
_eLK-CoDNM
080 _a9
_bR12
100 _aJORDAN LOUIS HENRY
245 _aCOMPARATIVE RELIGION
260 _aHUMPHEREY MILFORD
_bOXFORD UNIVERSITY PRESS
_c1915
300 _aXXXII, 574P. ; 23 CM
942 _cBK
999 _c148130
_d148130